LEADER 01118nam a2200265 i 4500 001 000000183577 003 CaOOAMICUS 005 20091119000000.0 008 091119s2009 it u000 u ita u 013 $a161545 020 $a978-88-6480-001-1 040 $aSeMil$bita 110 0 $aCaritas e Migrantes.$0(OLS)http://semarc/name/62952 245 10$aAmerica Latina - Italia vecchi e nuovi migranti /$cCaritas e Migrantes. 260 $aRoma :$bIdos,$c2009. 300 $a415 p. :$bgrafici e tabelle ;$c24 cm. 650 4$aEmigrazione.$0(OLS)http://semarc/subject/9745 650 4$aEmigrazione italiana.$0(OLS)http://semarc/subject/8821 650 4$aAmerica Latina - Emigrazione italiana.$0(OLS)http://semarc/subject/34699 850 $aSeMil 852 $aSeMil$W1$xVenegono$y1$m3N V 549$j134277$B134277$CSeMilBibl$Z2$F146177 $81 961 $aOmaggio: Colombo don Alberto 996 $6020$a978-88-6480-001-1$9(OLS)http://semarc/number/173344 996 $6245$aAmerica Latina - Italia vecchi e nuovi migranti$9(OLS)http://semarc/title/263483 996 $6260$aRoma :$bIdos$9(OLS)http://semarc/publisher/34947 LEADER 01349nam a2200253 i 4500 001 000000191281 003 CaOOAMICUS 005 20100723000000.0 008 100723s1962 gw u000 u ger u 013 $a169800 040 $aSeMil$bita 100 1 $aSchenke, Hans Martin,$d<1929-2002>.$0(OLS)http://semarc/name/17662 245 14$aDer Gott »Mensch« in der Gnosis :$bein religionsgeschichtlicher Beitrag zur Diskussion über die paulinische Anschauung von der Kirche als Leib Christi /$cHans Martin Schenke. 260 $aGöttingen :$bVandenhoeck & Ruprecht,$c1962. 300 $aVIII, 183 p. ;$c25 cm. 650 4$aGnosticismo.$0(OLS)http://semarc/subject/3765 650 4$aCorpo mistico - Controversie - Storia.$0(OLS)http://semarc/subject/36031 650 4$aChiesa - Teologia paolina.$0(OLS)http://semarc/subject/4686 650 4$aCristologia - Controversie - Storia.$0(OLS)http://semarc/subject/36032 850 $aSeMil 852 $aSeMil$W1$xVenegono$y1$m2U III 8$j141895$B141895$CSeMilBibl$Z2$F153482 $81 961 $aOmaggio: Altro 996 $6245$aDer Gott »Mensch« in der Gnosis :$bein religionsgeschichtlicher Beitrag zur Diskussion über die paulinische Anschauung von der Kirche als Leib Christi$9(OLS)http://semarc/title/409191 996 $6260$aGöttingen :$bVandenhoeck & Ruprecht$9(OLS)http://semarc/publisher/29697